Normal view
MARC view
- تايلور،رالف مؤلف/كاظم،أحمد خيري م.مشارك/عبد الحميد،جابر م.مشارك
Entry Personal Name
001 - CONTROL NUMBER
- control field: 17946
003 - CONTROL NUMBER IDENTIFIER
- control field: JO-AjAnu
005 - DATE AND TIME OF LATEST TRANSACTION
- control field: 20230606073148.0
008 - FIXED-LENGTH DATA ELEMENTS
- fixed length control field: 230606|| aca||aabn | a|a d
040 ## - CATALOGING SOURCE
- Original cataloging agency: JO-AjAnu
- Transcribing agency: JO-AjAnu
100 ## - HEADING--PERSONAL NAME
- Personal name: تايلور،رالف مؤلف/كاظم،أحمد خيري م.مشارك/عبد الحميد،جابر م.مشارك
670 ## - SOURCE DATA FOUND
- Source citation: Work cat.: (JO-AjAnu)9216: تايلور،رالف مؤلف/كاظم،أحمد خيري م.مشارك/عبد الحميد،جابر م.مشارك, author, أساسيات المناهج